15 principales países afectados por Covid19 - 11 de julio - Estadísticas

Estadísticas generales
  • Esta prueba ha sido intentada 3 veces
  • La puntuación promedio es 19 de 25
Estadísticas de respuestas
país % Correcto
Arabia Saudita
100%
Brasil
100%
Chile
100%
Chile
100%
España
100%
Estados Unidos
100%
India
100%
Irán
100%
Italia
100%
México
100%
Perú
100%
Reino Unido
100%
Rusia
100%
Sudáfrica
100%
Turquía
100%
Pakistán
67%
Suecia
67%
Armenia
33%
Baréin
33%
Bielorrusia
33%
Catar
33%
Kuwait
33%
Omán
33%
Panamá
33%
Singapur
33%
No se encontraron pruebas coincidentes
Distribución de puntuación
Porcentaje de gente con cada puntuación
Porcentaje por número respondido
Historial de tus puntuaciones
No has intentado esta prueba.